000
00205 a2200109 4500
020
_a
9588089743
041
_a
spa
100
_a
La Prensa
245
_a
El Libro de los Valores
942
_c
BK
952
_7
1
999
_c
23562
_d
23562